The Figurativeness of the Language of Mystical Experience (Record no. 34875)

MARC details
000 -LEADER
fixed length control field 01199nam a2200145Ia 4500
008 - FIXED-LENGTH DATA ELEMENTS--GENERAL INFORMATION
fixed length control field 220620s9999||||xx |||||||||||||| ||und||
020 ## - INTERNATIONAL STANDARD BOOK NUMBER
International Standard Book Number 9788020000000
100 ## - MAIN ENTRY--PERSONAL NAME
Personal name Bakešová, Václava||Brezováková, Monika||Brodňanová, Silvia||Campana, Silvia||Civáňová, Zuzana||Fermín, Javier||Gallik, Ján||Gritti, Fabiano||Horka, Róbert||Hornáčková Klapicová, Edita||Juhásová, Jana||Kaizerová, Petra||Knapík, Ján||Mancebi, Juan||Pariláková, Eva||Príhodová, Edita||Rathouzská, Lucie||Rybárová, Silvia||Šavelová, Monika||Štěpánek, Pavel||Tierraseca, Mónica||Raušerová, Andrea||Sancho Fermín, Francisco||Barnés, Antonio||Kučerková, Magda||Klapicová, Edita||Mancebo Roca, Juan
245 #4 - TITLE STATEMENT
Title The Figurativeness of the Language of Mystical Experience
Remainder of title Particularities and Interpretations
546 ## - LANGUAGE NOTE
Language note English[eng]
650 ## - SUBJECT ADDED ENTRY--TOPICAL TERM
Topical term or geographic name entry element mystical experience, individual and spontaneous experience, tradition, imagery, literary form, mystery, art
700 ## - ADDED ENTRY--PERSONAL NAME
Personal name Vázquez, Antonio||Kučerková, Magda
856 ## - ELECTRONIC LOCATION AND ACCESS
Uniform Resource Identifier <a href="https://munispace.muni.cz/library/catalog/download/2131/5969/3377-1">https://munispace.muni.cz/library/catalog/download/2131/5969/3377-1</a>
942 ## - ADDED ENTRY ELEMENTS (KOHA)
Koha item type E-Books
Holdings
Withdrawn status Lost status Damaged status Not for loan Home library Current library Date acquired Total Checkouts Date last seen Price effective from Koha item type
        Kerala University of Digital Sciences, Innovation and Technology Knowledge Centre Kerala University of Digital Sciences, Innovation and Technology Knowledge Centre 20/06/2022   20/06/2022 20/06/2022 E-Books